La Unión Europea y América Latina en la perspectiva de la cooperación internacional /

Na minha lista:
Detalhes bibliográficos
Autor principal: Velázquez Castillo, Jesús
Formato: Texto
Assuntos:
Tags: Adicionar Tag
Sem tags, seja o primeiro a adicionar uma tag!

MARC

LEADER 00000 a a2200000 04500
001 16470
003
040
100 |a Velázquez Castillo, Jesús  
245 |a La Unión Europea y América Latina en la perspectiva de la cooperación internacional /  |c Jesús Velázquez Castillo 
650 |a COOPERACION INTERANCIONAL  
650 |a EUROPA  
650 |a COMERCIO INTERNACIONAL  
650 |a TECNOLOGIA  
650 |a POLITICA  
650 |a REALACIONES INTERNACIONALES  
650 |a PAISES EN DESARROLLO  
773 |g número 58; páginas 73-94  
999 |c 36250  |d 36250